000 00721nam a22002177a 4500
005 20240530110912.0
008 220209s2009 ua a b 000 0 ara d
017 _bمصر. دار الكتب
040 _aEG-CaGPL
_cEG-CaGPL
082 0 4 _221
_a401 /
_bا م
100 0 _aالبدراوى زهران
245 1 0 _aمقدمة فى علوم اللغة /
_cالبدراوى زهران
250 _aط.1
260 _aالقاهرة :
_bدار العالم العربى،
_c2008
300 _a272 ص؛
_c24 سم
650 0 7 _2qrmak
_aعلوم اللغة
650 0 7 _2qrmak
_aفقه اللغة
651 _2qrmak
_aعلوم البلاغة
942 _2ddc
_cBK
999 _c66336
_d66336